[Event "BL2-Ost 1617"]
[Site "Germany"]
[Date "2017.03.19"]
[Round "9.4"]
[White "Seifert, Volker"]
[Black "Ivanov, Mikhail M"]
[Result "0-1"]
[WhiteElo "2359"]
[BlackElo "2405"]
[PlyCount "102"]
[EventDate "2016.10.14"]
[EventType "team-tourn"]
[EventRounds "10"]
[EventCountry "GER"]
[SourceTitle "CBM 177 Extra"]
[Source "ChessBase"]
[SourceDate "2017.04.27"]
[SourceVersion "1"]
[SourceVersionDate "2017.04.27"]
[SourceQuality "1"]
[WhiteTeam "Garching"]
[BlackTeam "Bad Mergentheim"]
[WhiteTeamCountry "GER"]
[BlackTeamCountry "GER"]

1. d4 e6 2. c4 Bb4+ 3. Bd2 a5 4. Nf3 d5 5. Qc2 Nf6 6. g3 0-0 7. Bg2 c5 8. Bxb4 axb4 9. dxc5 d4 10. Ne5 Qa5 11. Nd2 Qxc5 12. Nd3 Qe7 13. c5 Na6 14. 0-0 e5 15. Ne4 Nxe4 16. Bxe4 Rd8 17. Qc4 Be6 18. Qb5 Bd5 19. Bxd5 Rxd5 20. Rfc1 Rc8 21. Nxb4 Rdxc5 22. Nd3 Rxb5 23. Rxc8+ Qf8 24. Rxf8+ Kxf8 25. f3 f5 26. a4 Rd5 27. Rc1 e4 28. Nf4 Rd6 29. Kf1 Kf7 30. fxe4 fxe4 31. h4 Kf6 32. Rc4 Ke5 33. b4 Rc6 34. Rxc6 bxc6 35. b5 cxb5 36. axb5 Nc5 37. b6 Kd6 38. Nh5 Ne6 39. e3 d3 40. g4 Kc6 41. b7 Kxb7 42. Ng3 Nc5 43. Nh5 g5 44. hxg5 Ne6 45. g6 hxg6 46. Nf6 Ng5 47. Nd5 Kc6 48. Ne7+ Kc5 49. Nxg6 Kb4 50. Ne5 Kc3 51. Ke1 Nf3+ 0-1